LEADER 04095nam 2200961 450 001 9910811792303321 005 20200520144314.0 010 $a0-520-96304-0 024 7 $a10.1525/9780520963047 035 $a(CKB)2670000000599076 035 $a(EBL)1977558 035 $a(SSID)ssj0000204308 035 $a(PQKBManifestationID)11199468 035 $a(PQKBTitleCode)TC0000204308 035 $a(PQKBWorkID)10189262 035 $a(PQKB)11734041 035 $a(DE-B1597)520526 035 $a(OCoLC)904425955 035 $a(DE-B1597)9780520963047 035 $a(Au-PeEL)EBL1977558 035 $a(CaPaEBR)ebr11025730 035 $a(CaONFJC)MIL734259 035 $a(MiAaPQ)EBC1977558 035 $a(EXLCZ)992670000000599076 100 $a20150310h19921992 uy 0 101 0 $aeng 135 $aur||#|||||||| 181 $ctxt 182 $cc 183 $acr 200 10$aModern drama and the rhetoric of theater /$fW. B. Worthen 210 1$aBerkeley, California :$cUniversity of California Press,$d1992. 210 4$dİ1992 215 $a1 online resource (241 p.) 300 $aDescription based upon print version of record. 311 $a0-520-28687-1 311 $a1-336-02973-0 320 $aIncludes bibliographical references and index. 327 $tFront matter --$tContents --$tAcknowledgments --$tIntroduction --$t1. Theater and the Scene of Vision --$t2. Actors and Objects --$t3. Scripted Bodies: Poetic Theater --$t4. Political Theater: Staging the Spectator --$tPostscript. Sidi's Image: Theater and the Frame of Culture --$tWorks Cited --$tIndex 330 $aThe history of drama is typically viewed as a series of inert "styles." Tracing British and American stage drama from the 1880's onward, W. B. Worthen instead sees drama as the interplay of text, stage production, and audience. How are audiences manipulated? What makes drama meaningful? Worthen identifies three rhetorical strategies that distinguish an O'Neill play from a Yeats, or these two from a Brecht. Where realistic theater relies on the "natural" qualities of the stage scene, poetic theater uses the poet's word, the text, to control performance. Modern political theater, by contrast, openly places the audience at the center of its rhetorical designs, and the drama of the postwar period is shown to develop a range of post-Brechtian practices that make the audience the subject of the play. Worthen's book deserves the attention of any literary critic or serious theatergoer interested in the relationship between modern drama and the spectator. 606 $aEnglish drama$y20th century$xHistory and criticism 606 $aAmerican drama$y20th century$xHistory and criticism 606 $aTheater$xProduction and direction$xHistory$y20th century 606 $aTheater$zEnglish-speaking countries$xHistory$y20th century 610 $aamerican drama. 610 $aaudience. 610 $abrecht. 610 $abritish drama. 610 $adrama. 610 $aliterary criticism. 610 $amodern theater. 610 $aoneill. 610 $aperformance. 610 $aperforming arts. 610 $aplays. 610 $aplaywright. 610 $apoetic theater. 610 $apolitical theater. 610 $apostwar drama. 610 $arealistic theater. 610 $arhetoric. 610 $aspectator. 610 $astage drama. 610 $astage production. 610 $astage. 610 $astaging. 610 $atheater criticism. 610 $atheater history. 610 $atheater. 610 $ayeats. 615 0$aEnglish drama$xHistory and criticism. 615 0$aAmerican drama$xHistory and criticism. 615 0$aTheater$xProduction and direction$xHistory 615 0$aTheater$xHistory 676 $a822/.9109 700 $aWorthen$b William B.$f1955-$0620233 801 0$bMiAaPQ 801 1$bMiAaPQ 801 2$bMiAaPQ 906 $aBOOK 912 $a9910811792303321 996 $aModern drama and the rhetoric of theater$92697502 997 $aUNINA LEADER 04854nam 2201225z- 450 001 9910585938803321 005 20220812 035 $a(CKB)5600000000483094 035 $a(oapen)https://directory.doabooks.org/handle/20.500.12854/91232 035 $a(oapen)doab91232 035 $a(EXLCZ)995600000000483094 100 $a20202208d2022 |y 0 101 0 $aeng 135 $aurmn|---annan 181 $ctxt$2rdacontent 182 $cc$2rdamedia 183 $acr$2rdacarrier 200 00$aRelative Sea-Level Changes and their Impact on Coastal Zones 210 $aBasel$cMDPI - Multidisciplinary Digital Publishing Institute$d2022 215 $a1 online resource (302 p.) 311 08$a3-0365-4634-0 311 08$a3-0365-4633-2 330 $aIn the last few centuries, the study of sea-level changes along the world's shores has been a primary scientific focus in analyses of climate change, but also for scientists exploring past landscape evolution, geomorphological processes, human impacts, and system responses. The relative variation in sea level derives as a result of global, regional, and local processes. All these processes are spatially and temporally variable and cause complex sea-level changes at both regional and local scales. A multidisciplinary approach addressed to palaeo sea-level reconstructions at regional and local scale is the best method to understand the role of natural and anthropogenic forcing in the landscape evolution, as well as to discover the historical human adaptions to natural modifications of the landscape. Definitely, investigating these regional and local patterns is mandatory to reconstruct possible scenarios of the relative sea level rise impacts and to prepare the adaptation of coastal communities threatened by future climate changes. The aim of this Special Issue has been to collect contributions addressing and discussing methodological and multi-disciplinary approaches to studying the regional and local coastal modifications in relation to historical and recent relative sea-level changes to hypothesize future trends. 606 $aEnvironmental economics$2bicssc 606 $aResearch & information: general$2bicssc 610 $a2100 610 $a3D model 610 $aaccretion 610 $aacqua alta 610 $aadaptation costs 610 $aatmospheric variability 610 $aBaltic Sea 610 $abio-indicators 610 $aboulders 610 $aCampi Flegrei 610 $aclimate change 610 $acoastal barrier 610 $acoastal changes 610 $acoastal dynamics 610 $acoastal erosion 610 $acoastal lagoon 610 $acoastal morphometry 610 $acoastal plains 610 $acoastal restoration 610 $acontinuous backstepping pattern 610 $adiversion 610 $aenvironmental planning 610 $aerosion 610 $aestuary 610 $aflow 610 $ageoarchaeology 610 $ageochronology 610 $ageomorphological coastal changes 610 $aHolocene 610 $aincised valley 610 $aintegrated 3D remote sensing surveys 610 $ainterannual variations 610 $ainvestment decision 610 $alate Quaternary environments 610 $aLouisiana 610 $amarine submersion 610 $aMedicane 610 $aMediterranean Sea 610 $aMississippi River Delta 610 $an/a 610 $anatural variability 610 $arelative sea level changes 610 $arelative sea-level rise 610 $asalinity 610 $asapropel S1 610 $asea level 610 $asea level change 610 $asea storm effects 610 $asea-level changes 610 $asea-level rise 610 $asediment 610 $asedimentary dynamics 610 $asouthern Italy 610 $aSpain and Portugal coastal cities 610 $astochastic model 610 $asubmersion 610 $atide gauges 610 $atide-gauges 610 $aTyrrhenian sea 610 $aUAV 610 $auncertainty 610 $avertical ground movements 610 $avertical land motion 610 $aVolturno plain 610 $awaves 610 $awell log correlation 610 $awestern Ligurian sea 610 $awetland loss 615 7$aEnvironmental economics 615 7$aResearch & information: general 700 $aAucelli$b Pietro$4edt$01313409 702 $aMastronuzzi$b Giuseppe$4edt 702 $aMattei$b Gaia$4edt 702 $aAucelli$b Pietro$4oth 702 $aMastronuzzi$b Giuseppe$4oth 702 $aMattei$b Gaia$4oth 906 $aBOOK 912 $a9910585938803321 996 $aRelative Sea-Level Changes and their Impact on Coastal Zones$93031396 997 $aUNINA